<?xml version="1.0" encoding="UTF-8"?><?xml-stylesheet type="text/xsl" href="static/style.xsl"?><OAI-PMH xmlns="http://www.openarchives.org/OAI/2.0/" xmlns:xsi="http://www.w3.org/2001/XMLSchema-instance" xsi:schemaLocation="http://www.openarchives.org/OAI/2.0/ http://www.openarchives.org/OAI/2.0/OAI-PMH.xsd"><responseDate>2026-04-27T12:44:23Z</responseDate><request verb="GetRecord" identifier="oai:riubu.ubu.es:10259/5560" metadataPrefix="marc">https://riubu.ubu.es/oai/request</request><GetRecord><record><header><identifier>oai:riubu.ubu.es:10259/5560</identifier><datestamp>2021-11-02T12:27:58Z</datestamp><setSpec>com_10259_2699</setSpec><setSpec>col_10259_2703</setSpec></header><metadata><record xmlns="http://www.loc.gov/MARC21/slim" xmlns:doc="http://www.lyncode.com/xoai" xmlns:xsi="http://www.w3.org/2001/XMLSchema-instance" xmlns:dcterms="http://purl.org/dc/terms/" xsi:schemaLocation="http://www.loc.gov/MARC21/slim http://www.loc.gov/standards/marcxml/schema/MARC21slim.xsd">
<leader>00925njm 22002777a 4500</leader>
<datafield tag="042" ind1=" " ind2=" ">
<subfield code="a">dc</subfield>
</datafield>
<datafield tag="720" ind1=" " ind2=" ">
<subfield code="a">Abad García, Mercedes</subfield>
<subfield code="e">author</subfield>
</datafield>
<datafield tag="260" ind1=" " ind2=" ">
<subfield code="c">2020</subfield>
</datafield>
<datafield tag="520" ind1=" " ind2=" ">
<subfield code="a">Nuestro trabajo de investigación aborda el aprovechamiento de las tecnologías de la información y la comunicación (TIC) en la enseñanza presencial de alemán en Escuelas Oficiales de Idiomas (EOI). La investigación combina metodología de corte cuantitativo y cualitativo. En la fase cuantitativa recopilamos información sobre el equipamiento tecnológico de las EOI, la competencia digital docente de los profesores de alemán presencial de dicha institución y el aprovechamiento que éstos hacen de las TIC en su práctica educativa. En la fase cualitativa desarrollamos un estudio de caso consistente en una experiencia educativa colaborativa entre dos grupos-clase de alemán presencial de B1.2 de dos EOI de localidades distintas. Para la mencionada colaboración creamos una comunidad virtual de aprendizaje en una red social. Así, pudimos comprobar que la tecnología en combinación con metodologías activas posee el potencial de mejorar los procesos de enseñanza-aprendizaje de idiomas y, por tanto, de mejorar la calidad educativa.</subfield>
</datafield>
<datafield tag="520" ind1=" " ind2=" ">
<subfield code="a">Our research work addresses the use of information and communication technologies (ICT) in the face-to-face German teaching at Escuelas Oficiales de Idiomas (EOI). The research combines both quantitative and qualitative methodology. In the quantitative phase, we collected information on the technological equipment of the EOI, the digital teaching competence of the face-to-face German teachers at this institution and the use they make of ICT in their educational practice. In the qualitative phase, we developed a case study consisting of a collaborative educational experience between two B1.2 face-to-face German class groups in two EOIs in different locations. For the aforementioned collaboration, we created a virtual learning community on a social network. In this way, we were able to verify that technology in combination with active methodologies has the potential to improve language teaching-learning processes and, therefore, to improve educational quality.</subfield>
</datafield>
<datafield tag="024" ind2=" " ind1="8">
<subfield code="a">http://hdl.handle.net/10259/5560</subfield>
</datafield>
<datafield tag="024" ind2=" " ind1="8">
<subfield code="a">10.36443/10259/5560</subfield>
</datafield>
<datafield ind1=" " ind2=" " tag="653">
<subfield code="a">idiomas</subfield>
</datafield>
<datafield ind1=" " ind2=" " tag="653">
<subfield code="a">aprendizaje colaborativo</subfield>
</datafield>
<datafield ind1=" " ind2=" " tag="653">
<subfield code="a">comunidad virtual de aprendizaje</subfield>
</datafield>
<datafield ind1=" " ind2=" " tag="653">
<subfield code="a">web 2.0</subfield>
</datafield>
<datafield ind1=" " ind2=" " tag="653">
<subfield code="a">Escuelas Oficiales de Idiomas</subfield>
</datafield>
<datafield ind1=" " ind2=" " tag="653">
<subfield code="a">foreign languages</subfield>
</datafield>
<datafield ind1=" " ind2=" " tag="653">
<subfield code="a">collaborative learning</subfield>
</datafield>
<datafield ind1=" " ind2=" " tag="653">
<subfield code="a">virtual learning community</subfield>
</datafield>
<datafield tag="245" ind1="0" ind2="0">
<subfield code="a">Estudio de caso sobre el aprovechamiento colaborativo de las TIC en los procesos de enseñanza-aprendizaje de alemán presencial en Escuelas Oficiales de Idiomas</subfield>
</datafield>
</record></metadata></record></GetRecord></OAI-PMH>